[Event "FIDE Online Olympiad"]
[Site "Chess.com"]
[Date "2020.08.22"]
[EventDate "2020.08.21"]
[Round "6"]
[Result "0-1"]
[White "Hoang Thanh Trang"]
[Black "Julia Movsesian"]
[WhiteElo "2338"]
[BlackElo "2271"]
[Source "Chess-Results"]
[PlyCount "76"]

1. d4 d5 2. Bf4 Nf6 3. e3 e6 4. Nf3 c5 5. c3 Nc6 6. Nbd2 Bd6
7. Bg3 O-O 8. Bd3 Qe7 9. Ne5 Nd7 10. Nxd7 Qxd7 11. Bxd6 Qxd6
12. f4 b6 13. O-O a5 14. Qh5 f5 15. Qe2 c4 16. Bc2 b5 17. Nf3
b4 18. Ba4 Bd7 19. Bxc6 Bxc6 20. Ne5 Rfb8 21. Rf2 Be8 22. g4
bxc3 23. bxc3 Qa3 24. Qc2 fxg4 25. Raf1 Ba4 26. Qd2 Rf8
27. Nxg4 Ra7 28. Ne5 Rb7 29. Kh1 g6 30. Rg1 Rfb8 31. Rfg2 Rb2
32. Qc1 Qxa2 33. Nxg6 hxg6 34. Rxg6+ Kh7 35. Rg7+ Kh8 36. Qxb2
Qxb2 37. R7g3 Bc2 38. Rh3+ Bh7 0-1

[Event "FIDE Online Olympiad"]
[Site "Chess.com"]
[Date "2020.08.22"]
[EventDate "2020.08.21"]
[Round "6"]
[Result "0-1"]
[White "Jesse Nikki February"]
[Black "Inna Gaponenko"]
[WhiteElo "1839"]
[BlackElo "2375"]
[Source "Chess-Results"]
[PlyCount "78"]

1. e4 d6 2. d4 g6 3. Nf3 Bg7 4. Bc4 e6 5. c3 Nf6 6. Nbd2 O-O
7. O-O Nc6 8. Re1 d5 9. Bd3 dxe4 10. Nxe4 Nxe4 11. Bxe4 Qd6
12. Be3 Ne7 13. Qd2 Nf5 14. Bf4 Qb6 15. Ne5 Nd6 16. Bd3 f6
17. Nc4 Nxc4 18. Bxc4 Kh8 19. b3 Bd7 20. Qe3 Rfe8 21. Qg3 Rac8
22. h4 a6 23. Bd3 c5 24. dxc5 Qxc5 25. Rac1 Bc6 26. Bd6 Qa5
27. a4 e5 28. h5 e4 29. Bc4 Qxh5 30. Be2 Qg5 31. Qh3 Rcd8
32. Bc5 Qxc5 33. Bc4 Rd2 34. Qh4 Qg5 35. Qh3 Bd7 36. Qh2 f5
37. Rcd1 Be5 38. g3 e3 39. f3 Rxh2 0-1

[Event "FIDE Online Olympiad"]
[Site "Chess.com"]
[Date "2020.08.23"]
[EventDate "2020.08.21"]
[Round "7"]
[Result "0-1"]
[White "Machteld van Foreest"]
[Black "Nadiia Shpanko"]
[WhiteElo "1960"]
[BlackElo "2069"]
[Source "Chess-Results"]
[PlyCount "104"]

1. e4 c6 2. d4 d5 3. Nd2 dxe4 4. Nxe4 Bf5 5. Ng3 Bg6 6. h4 h6
7. Nf3 Nd7 8. h5 Bh7 9. Bd3 Bxd3 10. Qxd3 e6 11. Bd2 Bd6
12. O-O-O Ngf6 13. Ne4 Nxe4 14. Qxe4 Nf6 15. Qe2 Qc7 16. Ne5
O-O-O 17. Bf4 Nd5 18. Bg3 Rhe8 19. Rh3 f6 20. Nc4 Bf4+ 21. Kb1
c5 22. Ne3 cxd4 23. Nxd5 Rxd5 24. Bxf4 Qxf4 25. Qc4+ Kb8
26. Rf3 Qe4 27. Qb4 Rc8 28. Rfd3 e5 29. f3 Qf5 30. a3 Rdc5
31. Qb3 Qxh5 32. R1d2 Qh1+ 33. Ka2 Qc1 34. Qb4 Rxc2 35. Rxc2
Qxc2 36. Rb3 b6 37. Qe7 Qc7 38. Qe6 Qc4 39. Qd6+ Rc7 40. g4
Kb7 41. a4 Qxa4+ 42. Ra3 Qc4+ 43. Ka1 Qc5 44. Qd8 Qc1+ 45. Ka2
Qc4+ 46. Ka1 Qf7 47. Kb1 Qd7 48. Qf8 d3 49. Qb4 d2 50. Qe4+
Qc6 51. Rd3 Qxe4 52. fxe4 Rc1+ 0-1

[Event "FIDE Online Olympiad"]
[Site "Chess.com"]
[Date "2020.08.23"]
[EventDate "2020.08.21"]
[Round "7"]
[Result "0-1"]
[White "Nina Marais"]
[Black "Dominika Ferkova"]
[WhiteElo "1685"]
[BlackElo "1820"]
[Source "Chess-Results"]
[PlyCount "160"]

1. d4 d5 2. c4 e6 3. cxd5 exd5 4. Nc3 Nf6 5. Bg5 Be7 6. Qc2 h6
7. Bh4 O-O 8. e3 Be6 9. Nf3 c5 10. Bxf6 Bxf6 11. dxc5 Qc7
12. Na4 Qa5+ 13. Nd2 Bd7 14. Nc3 Qxc5 15. Nb3 Qd6 16. Rd1 Be6
17. Be2 Nc6 18. a3 Qe5 19. O-O Rfd8 20. Bf3 Qg5 21. Ne2 Ne5
22. Nbd4 Rac8 23. Qa4 a6 24. Nf4 Bg4 25. Bxg4 Nxg4 26. Nf3 Qf5
27. Qb3 d4 28. Ne2 dxe3 29. Rxd8+ Rxd8 30. fxe3 Qe4 31. Kh1
Nxe3 32. Ng3 Qd3 33. Qxd3 Rxd3 34. Re1 Bxb2 35. a4 Rd1 36. Kg1
b5 37. axb5 axb5 38. Kf2 Rxe1 39. Nxe1 Nd5 40. Nd3 Bd4+
41. Kf3 Bf6 42. Ne4 Kf8 43. Nd6 Nc7 44. Ke4 Ke7 45. Nf5+ Kd7
46. Nb4 Bc3 47. Nd3 Kc6 48. Ne3 b4 49. Ne5+ Bxe5 50. Kxe5 b3
51. Nc4 Kc5 52. Nb2 Nd5 53. h3 g6 54. g4 f6+ 55. Ke6 Kd4
56. h4 h5 57. gxh5 gxh5 58. Kf5 Kc3 59. Na4+ Kc2 60. Kg6 b2
61. Nxb2 Kxb2 62. Kxh5 f5 63. Kg5 f4 64. Kg4 Kc2 65. h5 Kd2
66. h6 Ke3 67. Kf5 f3 68. h7 f2 69. h8=Q f1=Q+ 70. Ke6 Nf4+
71. Kd6 Qa6+ 72. Kd7 Qb7+ 73. Kd6 Qb6+ 74. Kd7 Qb7+ 75. Kd6
Qd5+ 76. Kc7 Ne6+ 77. Kb8 Qb5+ 78. Ka8 Qa6+ 79. Kb8 Qb6+
80. Ka8 Nc7# 0-1

[Event "FIDE Online Olympiad"]
[Site "Chess.com"]
[Date "2020.08.23"]
[EventDate "2020.08.21"]
[Round "7"]
[Result "0-1"]
[White "Denis Makhnev"]
[Black "Adam Kozak"]
[WhiteElo "2453"]
[BlackElo "2438"]
[Source "Chess-Results"]
[PlyCount "84"]

1. d4 Nf6 2. c4 e6 3. g3 c5 4. d5 exd5 5. cxd5 d6 6. Nc3 g6
7. Bg2 Bg7 8. Nf3 O-O 9. O-O Re8 10. Bf4 Ne4 11. Rc1 Nxc3
12. bxc3 b5 13. Re1 a5 14. e4 Bg4 15. Qd3 Bxf3 16. Bxf3 b4
17. e5 dxe5 18. Be3 bxc3 19. d6 Ra7 20. Bxc5 Rd7 21. Bd1 Bf8
22. Ba4 Bxd6 23. Qxc3 Bxc5 24. Qxc5 Rd5 25. Qa7 Re7 26. Qa8
Rd4 27. Rcd1 Re6 28. Bb3 Rb6 29. Qxa5 Nc6 30. Qc5 Rxb3
31. Rxd4 Nxd4 32. axb3 Nf3+ 33. Kf1 Qd3+ 34. Re2 Qd1+ 35. Kg2
Qxe2 36. b4 Ne1+ 37. Kg1 Nf3+ 38. Kg2 Qe4 39. b5 Nd2+ 40. Kh3
Qf5+ 41. Kg2 Qf3+ 42. Kh3 Ne4 0-1

[Event "FIDE Online Olympiad"]
[Site "Chess.com"]
[Date "2020.08.23"]
[EventDate "2020.08.21"]
[Round "7"]
[Result "0-1"]
[White "Ana Matnadze"]
[Black "Gunay Mammadzada"]
[WhiteElo "2361"]
[BlackElo "2280"]
[Source "Chess-Results"]
[PlyCount "124"]

1. d4 d5 2. Nf3 Nf6 3. g3 c6 4. Bg2 Bf5 5. O-O e6 6. c4 h6
7. Nc3 Be7 8. Qb3 Qb6 9. c5 Qa6 10. a4 b6 11. cxb6 axb6
12. Bf4 Nbd7 13. Rfc1 O-O 14. h3 Rfc8 15. Nd2 Bf8 16. e4 dxe4
17. Ndxe4 Nd5 18. Nxd5 cxd5 19. Nc3 Qc4 20. Qb5 Qxb5 21. axb5
Rxa1 22. Rxa1 g5 23. Be3 Bd6 24. Ra7 Rc7 25. Ra8+ Kg7 26. Bf1
Bg6 27. Kg2 Bb4 28. Bd2 Ba5 29. Be2 e5 30. Nxd5 Be4+ 31. Bf3
Bxd5 32. Bxd5 Bxd2 33. Rd8 e4 34. Bxe4 Bb4 35. Bc6 Nf6 36. Rb8
Re7 37. Rxb6 Re2 38. Kf1 Rxb2 39. Rb7 Bc3 40. d5 Ne4 41. Re7
Nd2+ 42. Kg2 Bb4 43. Re2 Nc4 44. Rxb2 Nxb2 45. b6 Bd6 46. b7
Nd3 47. Kf3 Kf6 48. Ke3 Ne5 49. Kd4 Ke7 50. Ke4 Kf6 51. Kd4
Bb8 52. Kc5 Nd3+ 53. Kd4 Nxf2 54. Bb5 Bxg3 55. Kc5 Ke7 56. Kc6
Nxh3 57. Bd3 h5 58. Bf5 g4 59. Kb6 Bb8 60. Kc6 Ng5 61. Bd3 g3
62. Be2 g2 0-1

[Event "FIDE Online Olympiad"]
[Site "Chess.com"]
[Date "2020.08.23"]
[EventDate "2020.08.21"]
[Round "7"]
[Result "0-1"]
[White "Gulnar Mammadova"]
[Black "Sabrina Vega Gutierrez"]
[WhiteElo "2400"]
[BlackElo "2243"]
[Source "Chess-Results"]
[PlyCount "50"]

1. e4 c5 2. Nf3 Nc6 3. Bb5 e6 4. b3 Nge7 5. Bb2 a6 6. Bxc6
Nxc6 7. O-O b5 8. a4 b4 9. d4 cxd4 10. Nxd4 Qf6 11. Ra2 Nxd4
12. Bxd4 Qg6 13. Nd2 Bb7 14. Qe2 Be7 15. f4 O-O 16. Rf3 f6
17. Rg3 Qf7 18. Nc4 Rac8 19. e5 Bd5 20. Nb6 Bc5 21. Bxc5 Rxc5
22. exf6 Qxf6 23. Nxd7 Qd4+ 24. Re3 Rc3 25. Nxf8 Rxe3 0-1

[Event "FIDE Online Olympiad"]
[Site "Chess.com"]
[Date "2020.08.23"]
[EventDate "2020.08.21"]
[Round "7"]
[Result "0-1"]
[White "Sheila Barth Stanford"]
[Black "Anaelle Afraoui"]
[WhiteElo "2133"]
[BlackElo "1966"]
[Source "Chess-Results"]
[PlyCount "172"]

1. e4 d6 2. d4 Nf6 3. Nc3 g6 4. f4 Bg7 5. a3 O-O 6. Nf3 Nc6
7. d5 Nb8 8. Be2 a5 9. O-O Na6 10. e5 Nd7 11. exd6 exd6 12. f5
Ne5 13. fxg6 hxg6 14. Ne4 Nxf3+ 15. Bxf3 Be5 16. c3 Qe7
17. Bg5 f6 18. Bh4 Bf5 19. Ng3 Bd7 20. Ne2 Rae8 21. Bg3 Bb5
22. Re1 Bxg3 23. Nxg3 Qxe1+ 24. Qxe1 Rxe1+ 25. Rxe1 Nc5 26. b4
axb4 27. axb4 Nd3 28. Ra1 Ne5 29. Be4 f5 30. Bc2 b6 31. h3 Re8
32. Nf1 Nd3 33. Rd1 Nb2 34. Rb1 Nd3 35. Rd1 Nf4 36. Ng3 Ne2+
37. Nxe2 Rxe2 38. Bd3 Bxd3 39. Rxd3 Rc2 40. Kh2 Kf7 41. Kg3
Kf6 42. h4 Ke5 43. Kf3 b5 44. g3 Rc1 45. Ke3 Re1+ 46. Kf2 Re4
47. Kf3 Rg4 48. Kf2 Ke4 49. Rd4+ Ke5 50. Rd3 f4 51. gxf4+
Rxf4+ 52. Kg3 Kf5 53. Re3 Rg4+ 54. Kh3 Rc4 55. Kg3 Kf6 56. Kh3
Rf4 57. Kg3 Rf5 58. Rd3 Ke5 59. Kg4 Ke4 60. Rd4+ Ke3 61. Kg3
Re5 62. Rg4 Rxd5 63. Rxg6 Kd3 64. Rg5 Re5 65. Rxe5 dxe5 66. h5
e4 67. h6 e3 68. h7 e2 69. h8=Q e1=Q+ 70. Kg4 Qxc3 71. Qh3+
Kc2 72. Qh7+ Kb3 73. Qb1+ Kc4 74. Qf1+ Kxb4 75. Qb1+ Kc5
76. Qf5+ Kb6 77. Qf2+ Qc5 78. Qb2 Qc4+ 79. Kf3 b4 80. Ke3 Qc3+
81. Qxc3 bxc3 82. Kd3 Kc5 83. Kxc3 c6 84. Kd3 Kb4 85. Kc2 Kc4
86. Kd2 Kb3 0-1

[Event "FIDE Online Olympiad"]
[Site "Chess.com"]
[Date "2020.08.23"]
[EventDate "2020.08.21"]
[Round "8"]
[Result "0-1"]
[White "Marie Sebag"]
[Black "Rosa Ratsma"]
[WhiteElo "2413"]
[BlackElo "2306"]
[Source "Chess-Results"]
[PlyCount "58"]

1. e4 c5 2. Nf3 d6 3. d4 cxd4 4. Qxd4 Nc6 5. Bb5 a6 6. Bxc6+
bxc6 7. c4 e5 8. Qd3 Ne7 9. O-O Ng6 10. Be3 Be7 11. Nc3 O-O
12. h3 Be6 13. Rfd1 Qe8 14. Rac1 Rd8 15. b3 h6 16. Qe2 f5
17. exf5 Bxf5 18. Rd2 Qf7 19. Ne1 d5 20. cxd5 cxd5 21. Bb6 Rd7
22. Nd3 Bg5 23. Nc5 Bxd2 24. Qxd2 Rd6 25. Bc7 Qxc7 26. Nxd5
Qb8 27. Rd1 Rfd8 28. Qc3 Rxd5 29. Qc4 Nf4 0-1

[Event "FIDE Online Olympiad"]
[Site "Chess.com"]
[Date "2020.08.23"]
[EventDate "2020.08.21"]
[Round "8"]
[Result "0-1"]
[White "Florence Rollot"]
[Black "Eline Roebers"]
[WhiteElo "1944"]
[BlackElo "2066"]
[Source "Chess-Results"]
[PlyCount "116"]

1. Nf3 f5 2. c4 Nf6 3. g3 g6 4. Bg2 Bg7 5. O-O O-O 6. Nc3 d6
7. Qb3 Kh8 8. d4 Qe8 9. c5 dxc5 10. dxc5 e5 11. Bg5 Nfd7
12. Qd5 e4 13. Nd2 c6 14. Qc4 Na6 15. Na4 Ne5 16. Qc1 Be6
17. f3 exf3 18. Nxf3 Ng4 19. h3 Nf6 20. Bh6 Ne4 21. Bxg7+ Kxg7
22. Kh2 Qb8 23. Qe1 Qc7 24. Nd4 Bf7 25. Bxe4 fxe4 26. Qc3 Kg8
27. Rf4 Bd5 28. Raf1 Rxf4 29. Rxf4 Qe7 30. Nb3 Nc7 31. Qf6
Qxf6 32. Rxf6 Kg7 33. Rd6 Rf8 34. Kg1 Ne6 35. Nd2 Ng5 36. Rd7+
Kg8 37. h4 Nh3+ 38. Kh2 Rf2+ 39. Kxh3 Be6+ 40. g4 Bxd7
41. Nxe4 Rf4 42. Nac3 Kg7 43. Kg3 Rxg4+ 44. Kf3 Rxh4 45. Nd6
b6 46. cxb6 axb6 47. Nde4 Rh5 48. Ng3 Re5 49. Na4 b5 50. Nc3
h5 51. Nge4 Bf5 52. Ng3 Bg4+ 53. Kg2 Kf6 54. Nce4+ Ke6 55. e3
h4 56. Nf2 Rxe3 57. Nf1 Bf3+ 58. Kg1 Re5 0-1

[Event "FIDE Online Olympiad"]
[Site "Chess.com"]
[Date "2020.08.23"]
[EventDate "2020.08.21"]
[Round "8"]
[Result "0-1"]
[White "Eirik T Gullaksen"]
[Black "Rauf Mamedov"]
[WhiteElo "2335"]
[BlackElo "2691"]
[Source "Chess-Results"]
[PlyCount "74"]

1. e4 c5 2. Nf3 Nc6 3. Bb5 g6 4. Bxc6 dxc6 5. d3 Bg7 6. h3 Nf6
7. Nc3 Nd7 8. Be3 b6 9. Qd2 e5 10. Bh6 Bf6 11. Bg5 Nf8
12. O-O-O Bxg5 13. Nxg5 f6 14. Nf3 Be6 15. Kb1 Qe7 16. Nh2 g5
17. Ng4 O-O-O 18. Ne3 Kb7 19. h4 g4 20. h5 Rg8 21. Qe2 Bc8
22. Rdf1 Ne6 23. Nf5 Qc7 24. Qe3 Nd4 25. Ng3 Be6 26. Nge2 c4
27. dxc4 Bxc4 28. Rd1 c5 29. b3 Be6 30. Nd5 Qf7 31. c4 f5
32. f3 gxf3 33. gxf3 Rg2 34. Nxd4 cxd4 35. Qh6 fxe4 36. fxe4
Qf2 37. Qxh7+ Rd7 0-1

[Event "FIDE Online Olympiad"]
[Site "Chess.com"]
[Date "2020.08.23"]
[EventDate "2020.08.21"]
[Round "8"]
[Result "0-1"]
[White "Edit Machlik"]
[Black "Ulviyya Hasil Fataliyeva"]
[WhiteElo "1942"]
[BlackElo "2310"]
[Source "Chess-Results"]
[PlyCount "82"]

1. d4 d5 2. c4 e6 3. Nc3 a6 4. c5 e5 5. dxe5 d4 6. Na4 Nc6
7. Nf3 Bg4 8. Bf4 Nge7 9. Qb3 Rb8 10. h3 Be6 11. Qd1 Ng6
12. Bg3 b5 13. cxb6 cxb6 14. b3 Ngxe5 15. Nd2 Ba3 16. e3 b5
17. exd4 Qxd4 18. Be2 bxa4 19. O-O Rd8 20. Nf3 Qxd1 21. Raxd1
Nxf3+ 22. Bxf3 Nd4 23. Bb7 Ne2+ 24. Kh2 Nxg3 25. fxg3 axb3
26. Bc6+ Ke7 27. axb3 Rxd1 28. Rxd1 a5 29. Rd3 Rc8 30. Ba4 Rc1
31. h4 Bc5 32. g4 Bxg4 33. Kg3 Be6 34. Kf3 h5 35. g3 Bg4+
36. Ke4 Bd6 37. Kd5 Be6+ 38. Kd4 Bc5+ 39. Ke5 Re1+ 40. Kf4
Rf1+ 41. Kg5 Rf5# 0-1

[Event "FIDE Online Olympiad"]
[Site "Chess.com"]
[Date "2020.08.23"]
[EventDate "2020.08.21"]
[Round "8"]
[Result "0-1"]
[White "Thyra Kvendseth"]
[Black "Govhar Beydullayeva"]
[WhiteElo "1810"]
[BlackElo "1924"]
[Source "Chess-Results"]
[PlyCount "80"]

1. Nf3 Nf6 2. d4 d5 3. g3 c6 4. Bg2 g6 5. O-O Bg7 6. b3 O-O
7. Bb2 a5 8. Nbd2 a4 9. c4 Bf5 10. Ne5 Nbd7 11. Ndf3 Be4
12. Bc3 Nxe5 13. Nxe5 Bxg2 14. Kxg2 Ne4 15. Bb4 c5 16. Be1
axb3 17. axb3 Rxa1 18. Qxa1 dxc4 19. bxc4 cxd4 20. Nd3 Qc7
21. Qa3 Nc3 22. Nf4 Qc6+ 23. f3 e5 24. Bxc3 exf4 25. Bb4 Re8
26. Qd3 Re3 27. Qd2 Qxc4 28. Rf2 fxg3 29. hxg3 h5 30. Bd6 b5
31. Bf4 Re8 32. Bd6 Re6 33. Bb4 Ra6 34. Qe1 Ra2 35. Bd6 Qc3
36. Qb1 Ra1 37. Qb4 Qc1 38. Kh3 Qh1+ 39. Rh2 Qf1+ 40. Rg2 d3
0-1

[Event "FIDE Online Olympiad"]
[Site "Chess.com"]
[Date "2020.08.23"]
[EventDate "2020.08.21"]
[Round "8"]
[Result "0-1"]
[White "Jesse Nikki February"]
[Black "Bibisara Assaubayeva"]
[WhiteElo "1839"]
[BlackElo "2321"]
[Source "Chess-Results"]
[PlyCount "82"]

1. e4 c5 2. Nf3 d6 3. Bb5+ Nd7 4. a4 Nf6 5. Nc3 g6 6. d4 cxd4
7. Qxd4 Bg7 8. Bg5 O-O 9. Qd2 a6 10. Bxd7 Bxd7 11. O-O Bc6
12. Rfe1 Rc8 13. a5 Nd7 14. Bh6 Ne5 15. Nxe5 dxe5 16. Qe3 Qd4
17. Bxg7 Kxg7 18. Rad1 Qb4 19. Qb6 Qxb6 20. axb6 Rfd8 21. f3
Rd4 22. Rd3 Rb4 23. Nd5 Bxd5 24. exd5 Rxc2 25. b3 f6 26. d6
exd6 27. Rxd6 Rxb3 28. Rd7+ Kh6 29. Rxb7 Rbb2 30. Rb8 Rxg2+
31. Kf1 Rxh2 32. Kg1 Rbg2+ 33. Kf1 Rh1+ 34. Kxg2 Rxe1 35. Ra8
Rb1 36. Rxa6 Kg5 37. Kg3 h5 38. Kh3 Rb2 39. Kg3 h4+ 40. Kh3
Kf4 41. Kxh4 Rh2# 0-1

[Event "FIDE Online Olympiad"]
[Site "Chess.com"]
[Date "2020.08.23"]
[EventDate "2020.08.21"]
[Round "8"]
[Result "0-1"]
[White "Keith Khumalo"]
[Black "Ramazan Zhalmakhanov"]
[WhiteElo "1921"]
[BlackElo "2475"]
[Source "Chess-Results"]
[PlyCount "92"]

1. d4 d5 2. Nf3 e6 3. g3 Nf6 4. Bg2 c5 5. O-O Nc6 6. c4 Be7
7. cxd5 exd5 8. Nc3 O-O 9. Bf4 c4 10. Ne5 Be6 11. h3 Rc8
12. g4 h6 13. e3 Qa5 14. a3 Rfd8 15. Bg3 Qb6 16. Na4 Qa5
17. Nc3 Nxe5 18. Bxe5 Qb6 19. Qe2 Nd7 20. Bg3 Nf8 21. f4 f6
22. Bf3 Qc6 23. Qg2 Rd7 24. Rad1 Bf7 25. h4 Re8 26. Rde1 Bd8
27. f5 b5 28. Kh1 a5 29. a4 bxa4 30. Bd1 Qb7 31. Bxa4 Rde7
32. Bxe8 Rxe8 33. Rf2 Be7 34. e4 dxe4 35. Rxe4 Rd8 36. Rfe2
Bb4 37. Rf4 Qb6 38. Qf2 a4 39. Kh2 a3 40. Na4 Qa5 41. bxa3 Bd6
42. Nc5 Bxf4 43. Qxf4 Qxa3 44. Ne6 Bxe6 45. fxe6 Qd3 46. e7
Qxe2+ 0-1

[Event "FIDE Online Olympiad"]
[Site "Chess.com"]
[Date "2020.08.23"]
[EventDate "2020.08.21"]
[Round "8"]
[Result "0-1"]
[White "Eva Repkova"]
[Black "Vladimir Onischuk"]
[WhiteElo "2358"]
[BlackElo "2714"]
[Source "Chess-Results"]
[PlyCount "74"]

1. e4 d6 2. d4 Nf6 3. Nc3 g6 4. Nf3 Bg7 5. Be2 O-O 6. O-O c6
7. a4 Nbd7 8. h3 e5 9. Be3 exd4 10. Nxd4 Re8 11. Nb3 Qc7
12. Nd2 Nc5 13. Bxc5 dxc5 14. f4 Be6 15. e5 Nd5 16. Rf3 Nxc3
17. Rxc3 Rad8 18. Qe1 f6 19. Ne4 fxe5 20. Nxc5 Bf7 21. f5 gxf5
22. Rf3 b6 23. Na6 Qc8 24. Qf1 Bg6 25. a5 e4 26. Rb3 b5
27. Nb4 Rd2 28. h4 Kh8 29. h5 Bf7 30. Rg3 Rg8 31. Kh1 Bxb2
32. Rxg8+ Kxg8 33. Rb1 Be5 34. Nxc6 Qxc6 35. Qxf5 Qf6 36. Qg4+
Kh8 37. Rf1 Rxe2 0-1

[Event "FIDE Online Olympiad"]
[Site "Chess.com"]
[Date "2020.08.23"]
[EventDate "2020.08.21"]
[Round "8"]
[Result "0-1"]
[White "Veronika Maslikova"]
[Black "Natalia Zhukova"]
[WhiteElo "2230"]
[BlackElo "2312"]
[Source "Chess-Results"]
[PlyCount "120"]

1. e4 e5 2. Nf3 Nc6 3. Bb5 a6 4. Ba4 Nf6 5. Qe2 d6 6. c3 Bd7
7. Bc2 g6 8. O-O Bg7 9. Rd1 O-O 10. h3 Nh5 11. d4 Qe7 12. d5
Nd8 13. c4 Nf4 14. Qf1 f5 15. Nc3 fxe4 16. Bxe4 Nf7 17. Bxf4
exf4 18. Re1 Ne5 19. Nxe5 Bxe5 20. Bf3 Qg7 21. Rac1 Rae8
22. Qd3 Bf5 23. Qd1 Re7 24. Qd2 Rfe8 25. a3 h5 26. Na4 b6
27. Nc3 Kh7 28. Qd1 Kh6 29. Kh2 g5 30. Kg1 g4 31. hxg4 hxg4
32. Be4 Bxc3 33. Rxc3 Rxe4 34. Rxe4 Rxe4 35. f3 Qd4+ 36. Qxd4
Rxd4 37. fxg4 Bxg4 38. b4 Kg5 39. c5 bxc5 40. bxc5 Rxd5
41. cxd6 cxd6 42. Rc6 a5 43. Ra6 Be2 44. Ra7 Bc4 45. Rg7+ Kf6
46. Rg4 Kf5 47. Rg7 Rd3 48. Rd7 Ke6 49. Rc7 d5 50. Rc6+ Ke5
51. Rc8 Rxa3 52. Re8+ Kd4 53. Rf8 Ra1+ 54. Kh2 Rf1 55. Ra8 Kc3
56. Rxa5 d4 57. Ra3+ Kb4 58. Ra7 d3 59. Rb7+ Kc3 60. Rd7 d2
0-1

[Event "FIDE Online Olympiad"]
[Site "Chess.com"]
[Date "2020.08.23"]
[EventDate "2020.08.21"]
[Round "8"]
[Result "0-1"]
[White "Dominika Ferkova"]
[Black "Mariia Berdnyk"]
[WhiteElo "1820"]
[BlackElo "2169"]
[Source "Chess-Results"]
[PlyCount "164"]

1. d4 Nf6 2. c4 e6 3. Nc3 Bb4 4. e3 O-O 5. Bd3 d5 6. Nf3 c5
7. O-O Nc6 8. a3 Bxc3 9. bxc3 Qc7 10. Qe2 Re8 11. e4 dxe4
12. Bxe4 Nxe4 13. Qxe4 h6 14. Bf4 Qe7 15. Rfe1 Bd7 16. Ne5
Nxe5 17. Qxe5 Qf8 18. Qc7 Bc6 19. Bd6 Rac8 20. Bxf8 Rxc7
21. Bxc5 Ba4 22. Bxa7 Rxc4 23. Rec1 Rec8 24. Bc5 b6 25. Bb4 f6
26. Re1 Kf7 27. f3 Rd8 28. Ra2 Rd7 29. Kf2 Rd5 30. g3 Rd7
31. Rae2 Rc6 32. f4 g6 33. g4 Rd5 34. Kg3 Bb5 35. Ra2 Ba4
36. Rf2 Rc7 37. Rfe2 Rc6 38. h4 Bb5 39. Ra2 Ba4 40. Rg2 h5
41. g5 f5 42. Rge2 b5 43. Rb2 Rc7 44. Bc5 Rcd7 45. Rb4 Rxc5
46. dxc5 Rd3+ 47. Kf2 Rxc3 48. Re5 Rxa3 49. Re3 Ra2+ 50. Re2
Ra3 51. Rd4 Ke7 52. c6 Bb3 53. Rd7+ Ke8 54. Red2 Bd5 55. Rg7
Bxc6 56. Rxg6 Bd5 57. Rf6 Rf3+ 58. Ke2 Rxf4 59. Ke3 Rxh4
60. Rd4 Rh3+ 61. Kf4 Rf3+ 62. Ke5 Ke7 63. Rh6 Re3+ 64. Kf4 Re1
65. Rh7+ Kd6 66. Rd2 Rg1 67. Rxh5 Rg4+ 68. Ke3 Ke5 69. Rb2 b4
70. Rhh2 b3 71. Rh5 f4+ 72. Kd3 Rg3+ 73. Kd2 Kf5 74. g6+ Kxg6
75. Re5 Kf6 76. Re2 e5 77. Ke1 e4 78. Rf2 Kf5 79. Rh2 e3
80. Ke2 Ke4 81. Ke1 f3 82. Rh4+ Kd3 0-1

[Event "FIDE Online Olympiad"]
[Site "Chess.com"]
[Date "2020.08.23"]
[EventDate "2020.08.21"]
[Round "9"]
[Result "0-1"]
[White "Vladimir Onischuk"]
[Black "Rustam Khusnutdinov"]
[WhiteElo "2714"]
[BlackElo "2523"]
[Source "Chess-Results"]
[PlyCount "50"]

1. e4 e6 2. d4 d5 3. Nc3 Bb4 4. exd5 exd5 5. Bd3 Nc6 6. a3
Bxc3+ 7. bxc3 Nge7 8. Qh5 g6 9. Qh6 Bf5 10. Qg7 Rg8 11. Qxh7
Qd7 12. Ne2 O-O-O 13. Qh6 f6 14. O-O Rh8 15. Qe3 Rh4 16. Ng3
Rdh8 17. h3 Bxd3 18. cxd3 g5 19. Re1 g4 20. hxg4 Qxg4 21. Bd2
Qg6 22. Qf3 Nf5 23. Bf4 Qh7 24. Kf1 Nfxd4 25. cxd4 Nxd4 0-1

[Event "FIDE Online Olympiad"]
[Site "Chess.com"]
[Date "2020.08.23"]
[EventDate "2020.08.21"]
[Round "9"]
[Result "0-1"]
[White "Denis Makhnev"]
[Black "Kirill Shevchenko"]
[WhiteElo "2453"]
[BlackElo "2425"]
[Source "Chess-Results"]
[PlyCount "44"]

1. d4 Nf6 2. c4 g6 3. g3 Bg7 4. Bg2 O-O 5. Nc3 d6 6. Nf3 Nc6
7. O-O Bf5 8. Ne1 Re8 9. e4 Bd7 10. d5 Na5 11. c5 c6 12. Nd3
cxd5 13. exd5 Rc8 14. b4 Ng4 15. Bd2 Nc4 16. Rc1 Nxd2 17. Qxd2
Bh6 18. f4 Bg7 19. Ne2 Bb5 20. Rfe1 e5 21. fxe5 dxe5 22. Nf2
Bh6 0-1

[Event "FIDE Online Olympiad"]
[Site "Chess.com"]
[Date "2020.08.23"]
[EventDate "2020.08.21"]
[Round "9"]
[Result "0-1"]
[White "Charlize van Zyl"]
[Black "Sabrina Vega Gutierrez"]
[WhiteElo "1686"]
[BlackElo "2243"]
[Source "Chess-Results"]
[PlyCount "96"]

1. d4 d5 2. Bf4 Nf6 3. e3 c5 4. c3 Nc6 5. Nd2 Bf5 6. Ngf3 Qb6
7. dxc5 Qxc5 8. Qb3 Bc8 9. a4 e6 10. Ne5 Nh5 11. Nxc6 bxc6
12. Bc7 Bd6 13. Bxd6 Qxd6 14. Be2 Nf6 15. O-O Rb8 16. Qc2 O-O
17. Rfd1 e5 18. e4 Qc7 19. Rac1 dxe4 20. b4 Bf5 21. Nc4 Bg6
22. Qd2 Nd5 23. Qg5 f6 24. Qg3 Nf4 25. Bf1 Rfd8 26. h4 Rxd1
27. Rxd1 Rd8 28. Re1 Kh8 29. Qe3 Nd5 30. Qh3 Qd7 31. Qg3 Nf4
32. Qe3 Qg4 33. g3 Nd5 34. Qxa7 Nxc3 35. Qb6 Qd7 36. a5 Bf7
37. Qc5 Bxc4 38. Qxc4 Qd2 39. Re3 Nd1 40. Re2 Qd6 41. Rxe4 f5
42. Re1 f4 43. g4 f3 44. Qe4 Qd2 45. Qxe5 Qxf2+ 46. Kh1 Qxh4+
47. Kg1 f2+ 48. Kg2 fxe1=Q 0-1

[Event "FIDE Online Olympiad"]
[Site "Chess.com"]
[Date "2020.08.23"]
[EventDate "2020.08.21"]
[Round "9"]
[Result "0-1"]
[White "Sonia Modi"]
[Black "Marta Garcia Martin"]
[WhiteElo "1959"]
[BlackElo "2097"]
[Source "Chess-Results"]
[PlyCount "76"]

1. c4 e6 2. g3 d5 3. Bg2 Nf6 4. Nf3 Be7 5. O-O O-O 6. b3 b6
7. Bb2 Bb7 8. d3 c5 9. Nbd2 Nc6 10. a3 Qc7 11. Rc1 d4 12. e4
e5 13. Ng5 Bc8 14. h3 g6 15. Qe2 Bd7 16. Rce1 a6 17. f4 Nh5
18. Qf2 exf4 19. g4 Ng3 20. Ngf3 Nxf1 21. Rxf1 Bf6 22. Re1 Ne5
23. Nxe5 Bxe5 24. Nf3 f6 25. Bc1 g5 26. Rf1 Rf7 27. Qb2 a5
28. Nxe5 fxe5 29. a4 h5 30. Bf3 hxg4 31. Bxg4 Bxg4 32. hxg4
Qd7 33. Qg2 Rh7 34. Rf3 Rh4 35. Bd2 Rxg4 36. Qxg4 Qxg4+
37. Kf2 Kg7 38. Be1 Rh8 0-1

[Event "FIDE Online Olympiad"]
[Site "Chess.com"]
[Date "2020.08.23"]
[EventDate "2020.08.21"]
[Round "9"]
[Result "0-1"]
[White "Sheila Barth Stanford"]
[Black "Petra Papp"]
[WhiteElo "2133"]
[BlackElo "2297"]
[Source "Chess-Results"]
[PlyCount "162"]

1. d4 Nf6 2. Bf4 d5 3. e3 c5 4. Nf3 Nc6 5. Nbd2 Qb6 6. dxc5
Qxc5 7. Nb3 Qb6 8. a4 a6 9. Be2 Bg4 10. O-O e6 11. c3 Be7
12. a5 Qd8 13. h3 Bh5 14. Ne5 Bxe2 15. Qxe2 O-O 16. Rfd1 Rc8
17. Nxc6 Rxc6 18. Ra4 Qc8 19. Nd4 Rc4 20. Raa1 Ne4 21. Nf3 f6
22. Nd2 Nxd2 23. Rxd2 Qc6 24. Bg3 Qb5 25. Rd4 Rfc8 26. Qd2 Bc5
27. Rd3 Be7 28. Kh2 Bd8 29. b4 h5 30. f3 h4 31. Be1 Bc7+
32. Kh1 Qc6 33. Ra3 g5 34. f4 Qd6 35. Qe2 Rf8 36. Qh5 Kg7
37. Bf2 Rh8 38. Qg4 Re4 39. Bg1 Kf7 40. Bh2 f5 41. Qd1 Qe7
42. c4 Rxc4 43. Rac3 Rxc3 44. Rxc3 Bd6 45. Qc1 g4 46. Bg1 gxh3
47. gxh3 Rg8 48. Bf2 Qf6 49. Rc8 Qg6 50. Rxg8 Qxg8 51. Bxh4
Qh7 52. Qe1 Be7 53. Bxe7 Qxh3+ 54. Kg1 Qg4+ 55. Kf2 Kxe7
56. Qc3 Qh4+ 57. Kf3 Qh3+ 58. Kf2 Qh2+ 59. Kf3 Qh5+ 60. Kf2
Qe8 61. Qg7+ Qf7 62. Qc3 Kd7 63. Qc5 Qe7 64. Qb6 Kc8 65. b5
axb5 66. Qxb5 Qd7 67. Qc5+ Qc6 68. Qf8+ Kc7 69. Qa8 Qc2+
70. Kf3 Qe4+ 71. Kf2 d4 72. a6 Qxe3+ 73. Kf1 Qd3+ 74. Kg2 Qxa6
75. Qe8 Qe2+ 76. Kg3 Qe3+ 77. Kg2 d3 78. Qe7+ Kc6 79. Qe8+ Kc5
80. Qc8+ Kd4 81. Qxb7 Qe4+ 0-1